| 000 | 02191nam a2200361 4500 | ||
|---|---|---|---|
| 001 | 85 | ||
| 003 | OSt | ||
| 005 | 20250528074011.0 | ||
| 008 | 250123b |||||||d |||| 00| 1 eng d | ||
| 020 | _a8501063401 | ||
| 040 | _bpor | ||
| 041 |
_heng _apor |
||
| 082 |
_a028.5 _bC116p |
||
| 100 | 1 |
_aCabot, Meg, _d1967- _9199 |
|
| 240 | _aPrincess in the spotlight | ||
| 245 |
_aA princesa: _bSob os refletores / _cCabot, Meg ; Tradução de Ruy Jungmann |
||
| 250 | _a10° edição | ||
| 260 |
_aRio de Janeiro _bRecord _c2006 |
||
| 300 | _a256 p. | ||
| 490 | 1 |
_aO diário da Princesa _vLivro 02 |
|
| 500 | _aA Princesa sob os refletores Sequência de: O diário da princesa | ||
| 520 | _aO novo livro de Meg Cabot conta mais treze dias de histórias do diário de Mia, depois das revelações de O diário da princesa. Depois de tantas reviravoltas, Mia acredita que as coisas estão acalmando-se. Ela continua tendo aulas de bons costumes com a avó aristocrata, ou “sessões de torturas”, como diz, vê a avó vestindo seu bichinho de estimação com casacos de pele de chinchila e usando delineador permanente tatuado nos olhos. Até que, um dia, é informada que será a atração principal de um dos programas de entrevista mais populares dos Estados Unidos. Para completar, sua mãe está grávida de seu professor de álgebra e a própria Mia não consegue mais esconder sua paixão pelo irmão de sua melhor amiga, Michael. Princesa sob os refletores é mais um delicioso diário imaginado por Meg Cabot, que revela os segredos de uma jovem sensível e em crise (como todo adolescente). Uma heroína encantadora com muitas histórias para contar, Mia Thermopolis já conquistou o coração de todas as adolescentes ao redor do mundo, que já aguardam ansiosas os próximos volumes dos diários desta Cinderela às avessas. | ||
| 650 | 0 |
_aLiteratura Americana _984 |
|
| 650 | 0 |
_aHumor _960 |
|
| 650 | 0 |
_aAmor e Paixão _925 |
|
| 650 | 0 |
_aInfantojuvenil _9200 |
|
| 650 | 0 |
_aFilme _926 |
|
| 655 | 0 |
_aRomance _923 |
|
| 655 | 0 |
_aFicção _922 |
|
| 700 |
_aCelina Cavalcante Falck-Cook _eTradutor _9183 |
||
| 830 |
_aO diário da princesa _vLivro 02 _9201 |
||
| 942 |
_2ddc _n0 _cBK |
||
| 999 |
_c85 _d85 |
||